00496nam a2200193 a 4500001001300000003000900013005001700022008004100039020000900080082001600089100001800105245003600123260004000159300000900199500003500208505001000243650003100253700001800284nice12345678IN_TiNIC20260116012309.0050524s1986 newa grp 000 0 eng  ac7000a954.91bRIA aRiaz, Fahmida aPakistan Literature and Society aNew DelhibPatriot Publishersc1986 a124p aincludes index and biblioraphy2 aindex aPakistan-Social Conditions1 aRiaz, Fahmida